000 00827cam a22002411 4500
001 ca 18001410
003 DLC
005 20260227111107.0
008 921019s1912 pl 000 0 pol
010 _aca 18001410
035 _a(OCoLC)26816976
040 _aDLC
_cCU
_dCU
_dDLC
042 _apremarc
050 0 0 _aDK417
_b.K7 1912
100 1 _aKorzon, Tadeusz,
_d1839-1918.
245 0 0 _aDzieje wojen i wojskowości w Polsce ...
_cnapisał Tadeusz Korzon ...
260 _aKraków,
_bAkademia umiejȩtności,
_c1912.
300 _a3 v.
_c26 cm.
505 0 _at. I-II. Epoka przedrozbiorowa.--t. III. Rozdział o broni i uzbrojeniu oraz epokȩ porozbiorowa̧ opracował Bronisław Gembarzewski.
651 0 _aPoland
_xHistory, Military.
651 0 _aPoland
_xHistory.
700 1 _aGembarzewski, Bronisław,
_d1872-1941.
999 _c15430
_d15430